[Event "Cesky Krumlov op 3rd"]
[Site "Cesky Krumlov"]
[Date "2009.11.18"]
[Round "6"]
[White "Lauko, Marian"]
[Black "Jiruse, Josef"]
[Result "0-1"]
[WhiteElo "1984"]
[BlackElo "2074"]
[PlyCount "134"]
[EventDate "2009.11.14"]
[EventType "swiss"]
[EventRounds "9"]
[EventCountry "CZE"]
[SourceTitle "EXT 2010"]
[Source "ChessBase"]
[SourceDate "2010.11.25"]
[SourceVersion "1"]
[SourceVersionDate "2010.11.25"]
[SourceQuality "1"]

1. d4 Nf6 2. Nf3 g6 3. g3 Bg7 4. Bg2 0-0 5. 0-0 d6 6. c4 c6 7. Nc3 Re8 8. Re1 Nbd7 9. e4 e5 10. d5 c5 11. b3 Nf8 12. h3 Nh5 13. Bb2 f5 14. Nh2 Nf6 15. f3 Nh5 16. Ne2 Bh6 17. Bc1 f4 18. gxf4 Nxf4 19. Nxf4 exf4 20. Bb2 Qg5 21. Kh1 Bg7 22. Bxg7 Kxg7 23. Rg1 Re5 24. Bf1 Qh6 25. Qd2 Rh5 26. Qb2+ Kf7 27. Re1 Re5 28. Qe2 Bxh3 29. Bxh3 Qxh3 30. Rg4 g5 31. Reg1 h6 32. Qd2 Ng6 33. a3 a5 34. Qc1 b6 35. Qd2 Rae8 36. a4 Kf6 37. Qg2 Qxg2+ 38. R4xg2 h5 39. Rf1 Rg8 40. Re2 Re7 41. Kg2 Ke5 42. Kf2 Nf8 43. Rg1 Reg7 44. Ke1 Nd7 45. Reg2 Nf6 46. Ke2 g4 47. Kd3 g3 48. Nf1 h4 49. Rh1 Rh7 50. Rh3 Rgh8 51. Nd2 Rh5 52. Kc3 Nh7 53. Kd3 Ng5 54. Rh1 h3 55. Rgg1 h2 56. Rg2 Nh3 57. Ke2 Nf2 58. Rxf2 gxf2 59. Kxf2 Kd4 60. e5 Rxe5 61. Ne4 Rxe4 62. fxe4 Kxe4 63. Re1+ Kd3 64. Rh1 Kc2 65. Kf3 Rh4 66. Ke4 Kxb3 67. Kf5 f3 0-1